000 00839cam a2200265 4500
008 090401t1990 xxu||||| |||| 00| 0 eng d
020 _a094624412X
035 _a(Sirsi) u2858
041 _aeng
050 _a338.43690943
110 _aNational Council of Building Material Producers
_9931
245 4 _aThe Federal Republic of Germany construction market.
260 _aLondon
_bNational Council of Building Material Pr
_c1990
300 _a144p. ; 21cm.
350 _a50
520 _aThe National Council of Building Material Producers is known as BMP.
650 _aBUILDING INDUSTRY
650 _aBUILT ENVIRONMENT-BUILDING MATERIALS
650 _aGERMANY
650 _aFEDERAL REPUBLIC OF GERMANY
690 _aBUILDING AND CONSTRUCTION-OVERSEAS
710 _aBuilding
_91694
942 _n0
948 _c04/03/1997
999 _c85820
_d85820